| 000 | 00709nam a2200205 a 4500 | ||
|---|---|---|---|
| 003 | 0 | ||
| 005 | 20250311153121.0 | ||
| 008 | 090709s19uu xx 00 eng d | ||
| 050 |
_aPHS HQ 1075.5.C65 _b.Um48 2009 |
||
| 100 | _aUmali, Jewel Marie C. | ||
| 245 |
_aComputer literacy and gender / _cJewel Marie C. Umali. |
||
| 260 |
_aLas PiƱas City, Philippines : _bSouthville International School and Colleges, _c2009. |
||
| 300 |
_a37 pages : _billustrations ; _c28 cm. |
||
| 500 | _aOutstanding PASS Research | ||
| 504 | _aIncludes bibliographical references. | ||
| 650 | _aComputer literacy. | ||
| 650 | _aGender differences in education. | ||
| 650 | _aSex differences (Psychology). | ||
| 942 |
_2lcc _cPASS |
||
| 999 |
_c98280 _d98280 |
||